| 000 | 01162cam a2200229 4500 | ||
|---|---|---|---|
| 001 | ##L134254 | ||
| 008 | 060720n2006 000 0 eng u | ||
| 035 | _a(Sirsi) u134254 | ||
| 041 | 0 | _aeng | |
| 050 | 0 | 4 | _a333.33 $2 18 |
| 110 | 2 |
_aSavills _92020 |
|
| 245 | 0 | 0 |
_aSavills UK commercial development activity PMI _bJune 2006 |
| 260 | _c2006 | ||
| 490 | 0 |
_aSavills UK Commercial Development Activity PMI _vJune 2006 |
|
| 520 | _aJune saw a rise in commercial sector activity, providing a boost to the construction industry. For the first time in the survey history, the sharpest rate of expansion was reported in office fit-out activity. This monthly survey questions executives across nine areas of commercial property, in the public and private sectors, and splits the UK into three regions, London, the southeast, and the rest of the UK. Tables. | ||
| 590 | _aIKA010806 | ||
| 650 | 2 | 4 | _aSAVILLS UK COMMERCIAL DEVELOPMENT ACTIVITY PMI |
| 651 | 4 |
_aUnited Kingdom _y |
|
| 690 | _aPROPERTY-COMMERCIAL PROPERTY-COMMERCIAL PROPERTY DEVELOPMENT | ||
| 856 | 4 | 0 |
_uhttps://www.savills.co.uk/ _zView the item free of charge at www.savills.co.uk... |
| 942 | _n0 | ||
| 999 |
_c105615 _d105615 |
||